| 000 | 00685nam a2200229Ia 4500 | ||
|---|---|---|---|
| 003 | 0100 | ||
| 008 | 130303s9999 xx 000 0 und d | ||
| 040 | _cARRUPELIB | ||
| 050 | _aLB1049.H83 1999 | ||
| 100 | _aCommunication staff of Africa University | ||
| 245 | _aHow to study | ||
| 245 | _bcommunication skills for beginning college and university students | ||
| 260 | _aMutare, Zimbabwe | ||
| 260 | _bAfrica University Press | ||
| 260 | _C1999 | ||
| 300 | _a95p. 21cm | ||
| 650 | _bAsia - Religion - Dictionaries | ||
| 650 | _cReligions - Dictionaries | ||
| 650 | _dPhilosophy, Oriental - Dictionaries | ||
| 700 | _aCommunication staff of Africa University | ||
| 942 | 0 | 0 | _01 |
| 999 |
_c9149 _d9149 |
||